Statistics for People Who Have Been Next In Line to the U.S. Presidency

Click here to take the quiz!

General Stats

  • This quiz has been taken 10 times
  • The average score is 29 of 84

Answer Stats

OfficeYear(s)PresidentPerson% Correct
Vice President1993-2001Bill ClintonAl Gore
100%
Vice President1973-1974Richard NixonGerald Ford
100%
Vice President2009-2017Barack ObamaJoe Biden
100%
Vice President1789-1797George WashingtonJohn Adams
100%
Vice President2021-NowJoe BidenKamala Harris
100%
Vice President1961-1963John F. KennedyLyndon B. Johnson
100%
Vice President1953-1961Dwight D. EisenhowerRichard Nixon
100%
Vice President1901William McKinleyTheodore Roosevelt
100%
Vice President1797-1801John AdamsThomas Jefferson
100%
Vice President1922-1923Warren HardingCalvin Coolidge
90%
Vice President1881James A. GarfieldChester A. Arthur
90%
Vice President1981-1989Ronald ReaganGeorge H.W. Bush
90%
Vice President1945Franklin D. RooseveltHarry S. Truman
90%
Vice President1865Abraham LincolnAndrew Johnson
80%
Vice President1989-1993George H.W. BushDan Quayle
80%
Vice President1805-1812Thomas Jefferson/
James Madison
George Clinton
80%
Vice President1841William Henry HarrisonJohn Tyler
80%
Vice President2017-2021Donald TrumpMike Pence
80%
Vice President1837-1841Martin Van BurenRichard Mentor Johnson
80%
Vice President1977-1981Jimmy CarterWalter Mondale
80%
Vice President2001-2009George W. BushDick Cheney
70%
Vice President1873-1875Ulysses S. GrantHenry Wilson
70%
Vice President1833-1837Andrew JacksonMartin Van Buren
70%
Vice President1849-1850Zachary TaylorMillard Fillmore
70%
Vice President1969-1973Richard NixonSpiro Agnew
70%
Vice President1974-1977Gerald FordNelson Rockefeller
50%
Vice President1801-1805Thomas JeffersonAaron Burr
40%
Vice President1965-1969Lyndon B. JohnsonHubert Humphrey
40%
Secretary of State1899-1901William McKinleyJohn Hay
40%
Secretary of State1901-1905Theodore RooseveltJohn Hay
40%
Vice President1905-1909Theodore RooseveltCharles W. Fairbanks
30%
Secretary of State1947Harry S. TrumanGeorge Marshall
30%
Vice President1933-1941Franklin D. RooseveltJohn Nance Garner
30%
Vice President1893-1897Grover ClevelandAdlai Stevenson I
20%
Vice President1949-1953Harry S. TrumanAlben W. Barkley
20%
Vice President1929-1933Herbert HooverCharles Curtis
20%
Vice President1925-1929Calvin CoolidgeCharles G. Dawes
20%
Vice President1813-1814James MadisonElbridge Gerry
20%
Vice President1861-1865Abraham LincolnHannibal Hamlin
20%
Vice President1941-1945Franklin D. RooseveltHenry A. Wallace
20%
President Pro Tempore
of the Senate
1832-1833Andrew JacksonHugh Lawson White
20%
Vice President1909-1912William TaftJames S. Sherman
20%
President Pro Tempore
of the Senate
1885-1886Grover ClevelandJohn Sherman
20%
Speaker of the House1949Harry S. TrumanSam Rayburn
20%
Speaker of the House1973Richard NixonCarl Albert
10%
Speaker of the House1974Gerald FordCarl Albert
10%
Vice President1817-1825James MonroeDaniel T. Tompkins
10%
Vice President1897-1899William McKinleyGarret Hobart
10%
Vice President1845-1849James K. PolkGeorge M. Dallas
10%
Secretary of State1945-1947Harry S. TrumanJames F. Byrnes
10%
Vice President1857-1861James BuchananJohn C. Breckinridge
10%
Vice President1825-1832John Quincy Adams/
Andrew Jackson
John C. Calhoun
10%
Speaker of the House1963-1965Lyndon B. JohnsonJohn W. McCormack
10%
Speaker of the House1947-1949Harry S. TrumanJoseph W. Martin Jr.
10%
Vice President1889-1893Benjamin HarrisonLevi P. Morton
10%
President Pro Tempore
of the Senate
1854Franklin PierceLewis Cass
10%
Vice President1869-1873Ulysses S. GrantSchuyler Colfax
10%
Vice President1885Grover ClevelandThomas A. Hendricks
10%
Vice President1913-1921Woodrow WilsonThomas R. Marshall
10%
Vice President1877-1881Rutherford B. HayesWilliam A. Wheeler
10%
President Pro Tempore
of the Senate
1850-1852Millard FillmoreWilliam R. King
10%
Vice President1853Franklin PierceWilliam R. King
10%
President Pro Tempore
of the Senate
1867-1869Andrew JohnsonBenjamin Wade
0%
President Pro Tempore
of the Senate
1856Franklin PierceCharles E. Stuart
0%
Secretary of State1923-1925Calvin CoolidgeCharles Evans Hughes
0%
President Pro Tempore
of the Senate
1881-1883Chester A. ArthurDavid Davis
0%
President Pro Tempore
of the Senate
1852-1853Millard FillmoreDavid Rice Atchison
0%
President Pro Tempore
of the Senate
1853-1854Franklin PierceDavid Rice Atchison
0%
Secretary of State1945Harry S. TrumanEdward Stettinius Jr.
0%
President Pro Tempore
of the Senate
1883-1885Chester A. ArthurGeorge F. Edmunds
0%
Secretary of the Treasury1945Harry S. TrumanHenry Morgenthau Jr.
0%
President Pro Tempore
of the Senate
1857Franklin PierceJames Murray Mason
0%
President Pro Tempore
of the Senate
1854-1856Franklin PierceJesse D. Bright
0%
President Pro Tempore
of the Senate
1856-1857Franklin PierceJesse D. Bright
0%
President Pro Tempore
of the Senate
1814-1817James MadisonJohn Gaillard
0%
President Pro Tempore
of the Senate
1865-1867Andrew JohnsonLafayette S. Foster
0%
Speaker of the House1814James MadisonLangdon Cheves
0%
Secretary of State1912-1913William TaftPhilander C. Knox
0%
President Pro Tempore
of the Senate
1841-1842John TylerSamuel L. Southard
0%
President Pro Tempore
of the Senate
1881Chester A. ArthurThomas F. Bayard
0%
Secretary of State1886-1889Grover ClevelandThomas F. Bayard
0%
President Pro Tempore
of the Senate
1875-1877Ulysses S. GrantThomas W. Ferry
0%
President Pro Tempore
of the Senate
1812-1813James MadisonWilliam H. Crawford
0%
President Pro Tempore
of the Senate
1842-1845John TylerWillie P. Magnum
0%

Score Distribution

Percentile by Number Answered

Percent of People with Each Score

Your Score History

You have not taken this quiz